000 00712nam a2200253Ia 4500
003 OSt
005 20221007110400.0
006 a|||||r|||| 00| 0
007 ta
008 221006b |||||||| |||| 00| 0 eng d
024 _a21,024
037 _cTextual
040 _aLCO
_cLCO
_beng
041 _2eng
_aeng
082 _aZ:(Q:35), K3
100 _aMcDonough Thomas M.
_9707415
245 0 _aLaw and the Gospel in Luther
260 _aLondon
_bOxford University Press U.K.
_c1963
300 _a180
500 _aA Study of Martin Luther's Confessional Writings
650 _aMARTIN LUTHER
_9707416
942 _hZ:(Q:35), K3
_cTEXL
999 _c1190587
_d1190587